Podpora rozvoja malých a stredných podnikov v Slovenskej republike
Súčasný systém podpory malého a stredného podnikania v SR. Legislatívna úprava. Finančné podporné programy. Návrh na zmeny v systéme podpory malého a stredného podnikania. Reformy v oblasti podporných programov.
Enregistré dans:
| Auteur principal: | |
|---|---|
| Autres auteurs: | |
| Format: | Chapitre de livre |
| Langue: | slovaque |
| Sujets: | |
| Tags: |
Pas de tags, Soyez le premier à ajouter un tag!
|
MARC
| LEADER | 00000naa$a2200000$$$4500 | ||
|---|---|---|---|
| 001 | 0050064 | ||
| 005 | 20230908105206.4 | ||
| 041 | 0 | |a slo | |
| 044 | |a SK | ||
| 245 | 1 | 0 | |a Podpora rozvoja malých a stredných podnikov v Slovenskej republike |c Alena Daňková, Jozef Daňko |
| 520 | |a Súčasný systém podpory malého a stredného podnikania v SR. Legislatívna úprava. Finančné podporné programy. Návrh na zmeny v systéme podpory malého a stredného podnikania. Reformy v oblasti podporných programov. | ||
| 610 | 2 | 0 | |a podnik malý |
| 610 | 2 | 0 | |a podnik stredný |
| 610 | 2 | 0 | |a reformy štruktúrne |
| 610 | 2 | 0 | |a legislatíva |
| 610 | 2 | 0 | |a programy rozvojové |
| 610 | 2 | 0 | |a Slovensko |
| 610 | 2 | 0 | |a podpora podnikania |
| 100 | 1 | |a Daňková, Alena | |
| 700 | 1 | |a Daňko, Jozef | |